Histoire de France au XVème siècle - Statistiques

Statistiques générales
  • Ce quiz a été pris 147 fois
  • Le résultat moyen est 7 sur 20
Statistiques - réponses
Question Date Réponse % Correct
Figure militaire et religieuse importante de la guerre de 100 ans, héroïne du siège d'Orléans 1412 - 1431 Jeanne d'Arc
98%
Roi de France surnommé péjorativement "roi de Bourges" jusqu'à son couronnement à Reims en 1429 1403 - 1461 Charles VII
70%
Conflit qui se termine à cette date 1453 Guerre de cent ans
70%
Lourde défaite militaire française, qui voit la fine fleur de la cavalerie massacrée 1415 Azincourt
67%
Naissance de ce célèbre auteur, à qui l'on doit notamment Gargantua et Pantagruel 1483 François de Rabelais
53%
À la faveur de la fin de cette guerre, le pouvoir royal se déplace dans cette région 1453 - ~1495 Val de Loire
53%
Important duché rattaché de force au royaume, il faudra attendre 1532 pour qu'un traité d'union soit signé 1491 Duché de Bretagne
41%
Une guerre civile déchire le royaume, opposant ces deux camps (nommez les deux) 1407 - 1435 Armagnacs et Bourguignons
32%
Cette cathédrale, une des plus imposantes de France, voit sa construction se terminer 1439 Notre-Dame de Strasbourg
32%
Mort devant Nancy de ce duc de Bourgogne, dernier de la lignée de Philippe le Hardi, mettant fin aux guerres de Bourgogne 1477 Charles le témeraire
25%
Déclenchement de la première de ces onze guerres, qui tourneront à l'avantage des Habsbourgs 1494 Guerres d'Italie
24%
Son assassinat, vengeance tardive de celui de Louis d'Orléans, entérine la rivalité entre Royaume de France et duché de Bourgogne 1419 Jean sans Peur
24%
Par le traité d'Arras, Louis XI récupère entre autres ces deux comtés (nommez en un) 1482 Comté de Bourgogne et Artois
22%
Par ce traité, plus tard jugé illégal, Charles VI déshérite le Dauphin au profit d'Henri V, roi d'Angleterre 1420 Traité de Troyes
19%
François Villon écrit vraisemblablement ce poème dans l'attente de son exécution 1462 La Ballade des pendus
16%
La mort de Jacques III de Lusignan, à seulement un an, marque la fin de la domination de sa famille sur ce royaume méditerranéen, le dernier des états latins d'Orient 1474 Chypre
11%
Cet événement met fin au grand schisme d'Occident, soit la quarantaine d'années où ont coexisté un pape et un antipape, à Rome et à Avignon 1418 Concile de Constance
7%
Peintre auteur notamment du portrait de Charles VII 1420 - 1478/1481 Jean Fouquet
6%
Ce château, construit dans la dite région, est le premier d'une longue série de palais 1453 - 1515 Château de Montsoreau
0%
Par ce traité, Charles VIII, fils de Louis XI, perd les deux comtés gagnés par son père: il faudra attendre la paix de Nimègue pour les voir intégrer définitivement la France 1493 Traité de Senlis
0%
Aucun quiz correspondant
Distribution des résultats
% des personnes avec chaque résultat
Percentile par nombre de réponses
Votre historique - résultats
Vous n’avez pas pris ce quiz